| 000 | 00772nam a22001697a 4500 | ||
|---|---|---|---|
| 999 |
_c7399 _d7399 |
||
| 005 | 20211117114904.0 | ||
| 008 | 211117b ||||| |||| 00| 0 eng d | ||
| 020 | _a9788493375039 | ||
| 040 | _aCDMR | ||
| 100 |
_94701 _aGassió, Ramon |
||
| 245 |
_aRéquiem por los triunfadores mediáticos : _bel enriquecimiento fácil, fraudulento y especulador, inservible al país, bajo el auspicio del Poder, que en las mayorías absolutas ha vivido disfrazado de amor y servicio a Catalunya: el binomio mediático Joaquim M. Puyal - Ramón Fusté / _cRamón Gassió Mónico |
||
| 260 |
_aBarcelona : _bRamón Gassió Mónico, _c2005 |
||
| 300 |
_a190 pàgines _b; fotografies |
||
| 600 | 1 | 0 |
_92955 _aPuyal i Ortiga, Joaquim Maria |
| 600 | 0 |
_94702 _aFusté, Ramon |
|
| 942 |
_2udc _cMON |
||